000 00445pab a2200157 454500
008 180718b2001 xxu||||| |||| 00| 0 eng d
100 _aTorras, Mariano
245 _aWelfare accounting and the environment: reassessing Brazilian economic growth (1965-1993)
260 _c2001
300 _ap.205-29
362 _aMar
650 _aEconomic growth - Brazil
650 _aEconomic growth
773 _aDevelopment and Change
909 _a48898
999 _c48898
_d48898